000 00590cab a22001935a 4500
001 L154940
008 120206e20120128xxk 000 0 eng d
035 _a(Sirsi) u154940
041 0 _aeng
100 1 _aMaxwell, Estelle
245 0 4 _aThe week
_bauctions
260 _c2012
490 _aEstates Gazette
_v(1204) 28 January 2012, 59-83(10)
520 _aComments from top 13 auction houses around the UK with predictions for 2012. Looking for alternative markets and sources of income.
590 _aKA
651 4 _aUnited Kingdom
_y
690 _aAuctioneering
_96218
942 _n0
999 _c83753
_d83753